000 01148nam a2200229Ia 4500
001 16385
005 20260401114958.0
008 260306t2018||||xx |||||||||||||| ||und||
041 _aESP
082 _a348.55
_bI23
100 _aIbáñez Jiménez, Javier Wenceslao
_eAUT
245 0 _aBlockchain:
_bprimeras cuestiones en el ordenamiento español
260 _c2018
300 _a192 páginas :
_c24 cm.
650 _aGEN
654 _aCDE
856 _uhttps://itmsp.museknowledge.com/UCSP?url=https://www.ebooks7-24.com:443/?il=16453&pg=1
_zVéase además: Blockchain: el modelo descentralizado hacia la economía digital, por Dioni Nespral. Versión digital
856 _uhttps://0u213uxae-y-https-ebooks7--24-com.itmsp.museknowledge.com/biblioteca.aspx
_zVéase además: Base de datos Ebook7-24
856 _uhttps://0u20fuxag-y-https-research-ebsco-com.itmsp.museknowledge.com/c/qxo6us/search
_zVéase además: Base de datos EBSCOhost
856 _uhttps://0u20vux48-y-https-ebookcentral-proquest-com.itmsp.museknowledge.com/lib/catolicasp/home.action
_zVéase además: Base de datos ProQuest Ebook Central
942 _cLIB
_dJUS
_fJUS
_2ddc
999 _c16385
_d16385